| 000 | 00421cam a2200169ua 4500 | ||
|---|---|---|---|
| 041 |
_aeng _h |
||
| 082 |
_a621.801 _bBEV/TH |
||
| 100 | _aBevan, Thomas . | ||
| 245 |
_aTheory of Machines / _cThomas Bevan. _hTextual Documents |
||
| 250 |
_a3 / _b. |
||
| 260 |
_aNew Delhi : _bC B S Publishers & Distributers , _c1984. |
||
| 300 | _a621 ; . | ||
| 504 | _a | ||
| 942 | _cBK | ||
| 999 |
_c1317 _d1317 |
||